Co to jest za państwo część 2 - Statystyki

Ogólne statystyki
  • Ten quiz został rozwiązany 23 razy
  • Średni wynik to 8 z 12
Statystyki odpowiedzi
Hint Odpowiedź % Poprawnych
Jedyny kraj na litere Ł Łotwa
95%
Jedyne państwo na litere O Oman
95%
Największy kraj na świecie Rosja
95%
Najmniejszy kraj na świecie Watykan
95%
Państwo które szukał Kolumb Indie
74%
Kraj którego nieuznają ChinyA ten kraj o które chodzi nie Uznaje Chin Tajwan
68%
Państwo z fioletowymNa fladze na Karaibach Dominika
58%
Kraj który walczył z WietnamemPołudniowym i wygrał Wietnam
58%
Państwo które też ma dwie nazwy Birma/Mjanma
47%
Państwo która ma dwie nazwy(Obecnie stosuje się jedną ale można Mówić dwie) w afryce Eswatini
32%
Państwo z fioletowym naFladze w Europie Hiszpania
32%
Rząd tego narodu upadł 08.12.2024 Syria
11%
Nie znaleziono quizów pasujących do podanych kryteriów
Rozkład punktacji
Procent ludzi z każdym wynikiem
Percentyl według liczby udzielonych odpowiedzi
Twoja historia wyników
Nie rozwiązałeś tego quizu